00865nam a2200205 a 450000100100000000500170001000800410002704000250006808200120009324500470010526000620015230000350021465000610024965100840031070000340039491000380042804900090046695201670047599900170064200003179920240409073643.0110706t194u dr ac 000 0 spa d aDO-SdBNPbspacBNPHU aF-RD 6100aTrujillo perdona /cFélix W. Bernardino. a[Ciudad Trujillo, República Dominicana :bs.n.,c194?]. a62 p. :bil., retrs. ;c21 cm. 4aPersecuciones políticasxRepública dominicana944738 4aRepública DominicanaxPolítica Y GobiernoyERA DE TRUJILLO, 1930-1961913741 aBernardino, Félix W.958018 aValidado. Control de calidad EMS. aBNPD 001050718RVaPDbPDcCTd2011-07-06iLF1l0oF-RD 61 p31799-10r2020-06-25w2020-06-25y1zPerteneció a la biblioteca personal Martínez BoogZNo se presta c31291d31291